Data Mining - Introductory & Advanced Topics (Record no. 2796)

MARC details
000 -LEADER
fixed length control field 00404nam a2200157Ia 4500
008 - FIXED-LENGTH DATA ELEMENTS--GENERAL INFORMATION
fixed length control field 221030s9999 xx 000 0 und d
020 ## - INTERNATIONAL STANDARD BOOK NUMBER
ISBN 817758880X
041 ## - LANGUAGE CODE
Language code of text/sound track or separate title
082 ## - DEWEY DECIMAL CLASSIFICATION NUMBER
Classification number 105.23
Item number Dun
100 ## - MAIN ENTRY--AUTHOR NAME
Personal name M. H. Dunham
245 #0 - TITLE STATEMENT
Title Data Mining - Introductory & Advanced Topics
Statement of responsibility, etc by M. H. Dunham
260 ## - PUBLICATION, DISTRIBUTION, ETC. (IMPRINT)
Name of publisher Pearson Education
Place of publication Delhi
Year of publication 2006
300 ## - PHYSICAL DESCRIPTION
Number of Pages 315
650 ## - SUBJECT ADDED ENTRY--TOPICAL TERM
Topical Term Computers
942 ## - ADDED ENTRY ELEMENTS (KOHA)
Koha item type Books
Holdings
Accession Number Cost, normal purchase price Full call number Price effective from Koha item type Withdrawn / writtenoff status Materials specified (bound volume or other part) Damaged status Not for loan Permanent Location Current Location Shelving location Date acquired Lost/ Missing status department
M 1058 210.00 105.23 Dun 10/30/2022 Books   Print     MIET Library, Jammu MIET Library, Jammu BL-Academic Block- B, FL-2, CUP-97, SH-5, R-5 09/11/2006   MCA
M 1059 210.00 105.23 Dun 10/30/2022 Books   Print     MIET Library, Jammu MIET Library, Jammu BL-Academic Block- B, FL-2, CUP-42, SH-2, R-2 09/11/2006   MCA